000 00923nam a2200277 i 4500
001 15337
003 ES-MaACL
005 20250927063033.0
007 t|
008 960711s1996 sp f |||| |bspa j
020 _a84-414-0061-X
080 _a32(460)"1939/1975"
080 _a929 Franco Bahamonde, Francisco
100 1 _aBennassar, Bartolomé,
_d1929-
_927727
245 1 0 _aFranco /
_cBartolomé Bennassar ; [traducción, Alfonso Colondrón].
250 _a2ª ed.
260 _aMadrid :
_bEdaf,
_c1996.
300 _a367 p., [16] p. de lám. ;
_c23 cm.
490 1 _aClío crónicas de la historia ;
_v14
600 1 4 _aFranco Bahamonde, Francisco,
_d1892-1975
_952240
651 4 _aEspaña-
_xHistoria-
_y1939-1975, Dictadura.
_9167928
700 1 _aColondrón, Alfonso.
_939878
830 0 _aClío crónicas de la historia ;
_v14
_9179748
852 _aES-MaACL
_jL-22630
999 _c15337
_d15337